Produkcia vybudovaného prostredia v postsocialistickej Bratislave: podmienky, dynamika a územný prejav

Vybudované prostredie a postsocialistické mesto. Dynamika kontextu mestských premien. Produkcia vybudovaného prostredia, bytová výstavba.

Gespeichert in:
Bibliographische Detailangaben
1. Verfasser: Šuška, Pavel
Format: Buchkapitel
Sprache:Slowakisch
Schlagworte:
Tags: Tag hinzufügen
Keine Tags, Fügen Sie das erste Tag hinzu!

MARC

LEADER 00000naa a2200000 4500
001 0158505
005 20231208101232.2
041 0 |a slo 
044 |a SK 
245 1 0 |a Produkcia vybudovaného prostredia v postsocialistickej Bratislave: podmienky, dynamika a územný prejav  |c Pavel Šuška 
520 |a Vybudované prostredie a postsocialistické mesto. Dynamika kontextu mestských premien. Produkcia vybudovaného prostredia, bytová výstavba. 
610 2 0 |a mestá 
610 2 0 |a výstavba bytová 
610 2 0 |a Slovensko 
100 1 |a Šuška, Pavel